Proceedings of Wala 2001 conference, Gimpa Accra, Ghana. September 12-14, 2001 (Record no. 463)

MARC details
000 -LEADER
fixed length control field 00509nam a2200169Ia 4500
008 - FIXED-LENGTH DATA ELEMENTS--GENERAL INFORMATION
fixed length control field 240428s9999||||xx |||||||||||||| ||und||
020 ## - INTERNATIONAL STANDARD BOOK NUMBER
International Standard Book Number 9988018681
041 ## - LANGUAGE CODE
Language code of text/sound track or separate title fre
082 ## - DEWEY DECIMAL CLASSIFICATION NUMBER
Classification number 027A.:
100 ## - MAIN ENTRY--PERSONAL NAME
Personal name Antwi, I .K.
245 #0 - TITLE STATEMENT
Title Proceedings of Wala 2001 conference, Gimpa Accra, Ghana. September 12-14, 2001
260 ## - PUBLICATION, DISTRIBUTION, ETC.
Name of publisher, distributor, etc. West African Library Association
Place of publication, distribution, etc. Accra
Date of publication, distribution, etc. 2002
300 ## - PHYSICAL DESCRIPTION
Extent xi,78p.,tabs. illus.
650 ## - SUBJECT ADDED ENTRY--TOPICAL TERM
Topical term or geographic name entry element country report - role of national libraries associations
942 ## - ADDED ENTRY ELEMENTS (KOHA)
Koha item type Books
Holdings
Withdrawn status Lost status Damaged status Not for loan Home library Current library Shelving location Date acquired Total checkouts Full call number Date last seen Copy number Price effective from Koha item type
        Main Library Main Library Open Shelves 23/12/2021   027A.: 00588 C1 29/04/2024 1 29/04/2024 Books
©2026  Parliament of Ghana Library - All rights reserved